| 000 | 01008nam a2200301 i 4500 | ||
|---|---|---|---|
| 001 | 000041352 | ||
| 003 | DO-SdBNP | ||
| 005 | 20250909142727.0 | ||
| 007 | ta | ||
| 008 | 131001s19962006dr d 000 0 spa d | ||
| 040 |
_aDO-SdBNP _bspa _cBNPHU _erda |
||
| 041 | _aspa | ||
| 082 | 4 |
_a510.07 _bxxx _222 |
|
| 245 | 0 | 0 |
_aMatemática para la educación media : _blibro 1 / _cJulian Santana, Alejandro gutiérrez, Roberto Herrera, Fernando Abréu |
| 250 | _aPrimera edición adaptado al plan decenal | ||
| 264 | 1 |
_aSanto Domingo : _bImpresora Bisonó, _c1996. |
|
| 300 |
_a392 páginas ; _c21 cm. |
||
| 336 |
_atexto _btxt _2rdacontent |
||
| 337 |
_asin mediación _bn _2rdamedia |
||
| 338 |
_avolumen _bnc _2rdacarrier |
||
| 500 | _aPrimer año de educación media | ||
| 590 | _aInventariado, 2023/BT | ||
| 700 | 1 |
_aGutiérrez, Alejandro _eautor _4aut. _965226 |
|
| 700 | 1 |
_aHerrera, Roberto _eautor _4aut. _937410 |
|
| 700 | 1 |
_aAbréu, Fernando _eautor _4aut. _974364 |
|
| 910 | _aBtavárez | ||
| 942 |
_2ddc _cLBS1 |
||
| 999 |
_c40842 _d40842 |
||